00626cam a22002173a 45000010005000000030006000050050017000110080041000280400015000690420007000840500007000910500007000981000031001052450082001362600029002185060030002475160020002776530042002978300028003398560041003678919PGUSA20140828083206.0050901s2005||||xxu|||||s|||||000 1 eng d aPGUSAbeng adc 4aPT 4aPZ1 aStorm, Theodor,d1817-188810aPole Poppenspäler :bNovelle (1874)h[electronic resource] /cTheodor Storm bProject Gutenberg,c2005 aPublic domain in the USA. aElectronic text aGermany, Northern -- Juvenile fiction 0aProject Gutenbergv891940uhttp://www.gutenberg.org/ebooks/8919